| 000 | 00435nam a2200157Ia 4500 | ||
|---|---|---|---|
| 008 | 210716s2010 xx 000 0 und d | ||
| 020 | _a9780199599189 | ||
| 041 | _aeng | ||
| 082 | _a658.406 GRIJ | ||
| 100 | _aGrieves, Jim. | ||
| 245 |
_aOrganizational change:themes and issues. _bThemes and issues. |
||
| 250 | _a1 | ||
| 260 |
_aNew Delhi _bOxford University Press _c2010 |
||
| 300 | _axxx,410 | ||
| 650 | _aOrganisational Behavior | ||
| 999 |
_c207421 _d207421 |
||